MARC

LEADER 00000nam0a2200000 4500
001 279990
005 20231101235249.0
020 |a RU  |b 86-64925 
035 |a (RuTPU)RU\TPU\book\303298 
090 |a 279990 
100 |a 20141224d1986 km y0rusy5003 ca 
101 1 |a rus 
102 |a RU 
105 |a y z 000zb 
200 1 |a Избранные произведения. 1952-1986 гг.  |e [сборник]  |f Ф. Кастро Рус 
210 |a Москва  |c Политиздат  |d 1986 
215 |a 566 с.  |d 22 см 
600 1 |a Кастро Рус  |b Ф.  |c 1-й секретарь ЦК КП Кубы  |f 1926-  |g Фидель  |2 stltpush  |3 (RuTPU)RU\TPU\pers\7190  |9 1341 
606 1 |a Политические деятели  |x История  |2 stltpush  |3 (RuTPU)RU\TPU\subj\71768  |9 85536 
606 1 |a Революция на Кубе 1956-1959  |2 stltpush  |3 (RuTPU)RU\TPU\subj\69211  |9 84178 
610 1 |a Коммунистическая партия 
610 1 |a Куба 
610 1 |a история 
610 1 |a социализм 
610 1 |a международные проблемы 
686 |a Ф1(0)  |v LBC/SL-A  |2 rubbk 
686 |a Т3(7Куб)  |v LBC/SL-A  |2 rubbk 
700 1 |a Кастро Рус  |b Ф.  |c 1-й секретарь ЦК КП Кубы  |f 1926-  |g Фидель  |2 stltpush  |3 (RuTPU)RU\TPU\pers\7190  |9 1341 
801 0 |a RU  |b RuMRKP  |c 19950704  |g psbo 
801 1 |a RU  |b 63413507  |c 20141224 
801 2 |a RU  |b 63413507  |c 20170426  |g RCR 
942 |c BK